Bismil Fan ty Shakhsiyat / (Record no. 525960)

000 -LEADER
fixed length control field 00432nam a22001577a 4500
003 - CONTROL NUMBER IDENTIFIER
control field NUST
038 ## - RECORD CONTENT LICENSOR
Staff Name waseem
082 ## - DEWEY DECIMAL CLASSIFICATION NUMBER
Classification number 891.42092
Author Mark MUS
100 ## - MAIN ENTRY--PERSONAL NAME
Personal name Mustafa, Ghulam
9 (RLIN) 16906
245 ## - TITLE STATEMENT
Title Bismil Fan ty Shakhsiyat /
Statement of responsibility, etc. Ghulam Mustafa
260 ## - PUBLICATION, DISTRIBUTION, ETC.
Place of publication, distribution, etc. Lahore :
Name of publisher, distributor, etc. Usman Publications,
Date of publication, distribution, etc. 1990.
300 ## - PHYSICAL DESCRIPTION
Extent 240 p. ;
880 ## - ALTERNATE GRAPHIC REPRESENTATION
Linkage 100-01\r
Title غلام مصطفے
880 ## - ALTERNATE GRAPHIC REPRESENTATION
Linkage 245-02\r
Title بسمل فن تے شخصیت /
942 ## - ADDED ENTRY ELEMENTS (KOHA)
Source of classification or shelving scheme
Koha item type Book
Holdings
Withdrawn status Lost status Source of classification or shelving scheme Damaged status Not for loan Permanent Location Current Location Shelving location Date acquired Total Checkouts Full call number Barcode Date last seen Price effective from Koha item type
          Central Library (CL) Central Library (CL) Punjabi Literature 07/06/2019   891.42092 MUS CL-E-1219 08/05/2025 07/06/2019 Book
© 2023 Central Library, National University of Sciences and Technology. All Rights Reserved.